Business Ethics A Case Perspective (Record no. 994)

MARC details
000 -LEADER
fixed length control field 00467nam a22001697a 4500
005 - DATE AND TIME OF LATEST TRANSACTION
control field 20180221115034.0
008 - FIXED-LENGTH DATA ELEMENTS--GENERAL INFORMATION
fixed length control field 160518b xxu||||| |||| 00| 0 eng d
020 ## - INTERNATIONAL STANDARD BOOK NUMBER
ISBN 978-81-315-1119-0
041 ## - LANGUAGE CODE
Language code of text/sound track or separate title eng
082 ## - DEWEY DECIMAL CLASSIFICATION NUMBER
Item number 2806
Classification number 174.4
100 ## - MAIN ENTRY--AUTHOR NAME
Personal name Ferrell, O.C. Fraedrich, John. and Ferrell, Linda.
245 ## - TITLE STATEMENT
Title Business Ethics A Case Perspective
260 ## - PUBLICATION, DISTRIBUTION, ETC. (IMPRINT)
Place of publication New Delhi
Name of publisher Cenage Learning (I) Pvt Ltd.
300 ## - PHYSICAL DESCRIPTION
Number of Pages 350
650 ## - SUBJECT ADDED ENTRY--TOPICAL TERM
Topical Term Management
942 ## - ADDED ENTRY ELEMENTS (KOHA)
Koha item type Books
Holdings
Lost status Damaged status Collection code Home library Current library Shelving location Date acquired Full call number Accession Number Koha item type
    MANAGEMENT JRU Library JRU Library SHELF-62 -I 18/05/2016 174.4 2806 Books
    MANAGEMENT JRU Library JRU Library SHELF-62 -I 18/05/2016 174.4 2807 Books
    MANAGEMENT JRU Library JRU Library SHELF-62 -I 18/05/2016 174.4 2808 Books
    MANAGEMENT JRU Library JRU Library SHELF-62 -I 18/05/2016 174.4 2809 Books
    MANAGEMENT JRU Library JRU Library SHELF-62 -I 18/05/2016 174.4 2810 Books
    MANAGEMENT JRU Library   SHELF-62 -I 18/05/2016 174.4 2811 Books
    MANAGEMENT JRU Library JRU Library SHELF-62 -I 18/05/2016 174.4 2812 Books
    MANAGEMENT JRU Library JRU Library SHELF-62 -I 18/05/2016 174.4 2813 Books
    MANAGEMENT JRU Library JRU Library SHELF-62 -I 18/05/2016 174.4 2814 Books
    MANAGEMENT JRU Library JRU Library SHELF-62 -I 18/05/2016 174.4 2815 Books